Statistics for Tunisia... or Turkey

Click here to take the quiz!

General Stats

  • This quiz has been taken 69 times
  • The average score is 9 of 16

Answer Stats

QuestionAnswer% Correct
Borders the Sahara Desert.Tunisia
95%
It borders Europe.Turkey
87%
Has more railways (km)Turkey
87%
The capital is not the most populated city.Turkey
82%
It is more densely populated.Turkey
77%
It has more administrative regions of the two.Turkey
72%
It has the higher point of the two.Turkey
67%
Was part of the Ottoman EmpireBoth
64%
Has qualified for more FIFA World Cups.Tunisia
59%
Has a GDP per capita of more than $30,000.Turkey
59%
The long name begins with "Republic of".Both
38%
Has more than 60% of the country with agricultural land.Tunisia
36%
Has a higher median age.Tunisia
34%
Less than 25% of its population is between 0-14 years old.Both
30%
It is in the top 3 countries with the highest obesity rate in its continent.Tunisia
28%
Consumes more than one liter of alcohol per capita.Both
18%

Score Distribution

Percentile by Number Answered

Percent of People with Each Score

Your Score History

You have not taken this quiz